1769 1205 1258 1524 1414 1923 1851 1528 1790 1501 1149 1714 1325 1402 1936 1870 1156 1345 1333 1167 1199 1222 1984 1522 1993 1224 1907 1503 1257 1424 1451 1898 1370 1021 1113 1449 1278 1361 1422 1034 1907 1556 1197 1045 1965 1648 1764 1023 1789 1836 1234 1213 1957 1775 1459 1794 1067 1179 1409 1720 1693 1790 1913 1590 1859 1602 1712 1606 1391 1047 1190 1215 1190 1523 1618 1973 1609 1768 1576 1221 1785 1529 1640 1164 1516 1880 1052 1965 1488 1843 1729 1417 1578 1860 1543 1590 1905 1823 1253 BCNSPRNW ULIB Ver.6.0+V

เปลี่ยนเป็นภาษาไทย

Change to English
 แสดงรายละเอียดบรรณานุกรม
  กลับหน้าหลัก

Brief Record : Get Marc (ISO 2709) : E-mail record : QR code < ปิดหน้าต่าง
LEADER : 00000nam 2200000uu 4500
001    13399123662
003     ULIB
008    141104s2557||||th 000 0 tha d
020    ^a9786163615862
060  4 ^aWY32^bก117
245 00 ^aกฎหมายและจรรยาบรรณวิชาชีพการพยาบาลและกฎหมายอื่นที่เกี่ยวข้อง /^cชัชวาล วงค์สารี, อุทัยวรรณ พงษ์บริบูรณ์ บรรณาธิการ
250    ^aพิมพ์ครั้งที่ 1
260    ^aกรุงเทพฯ :^bเอ็นพีเพรส,^c2557
300    ^a363 หน้า
505 0  ^a^tกฎหมายทั่วไป -- ^tพระราชบัญญัติวิชาชีพการพยาบาลและการผดุงครรภ์และข้อบังคับที่เกี่ยวข้อง - -^tกฏหมายอาญาที่เกี่ยวข้องกับการประกอบวิชาชีพการพยาบาลและการผดุงครรภ์ - -^tกฎหมายแพ่งที่เกี่ยวข้องกับการประกอบวิชาชีพการพยาบาลและการผดุงครรภ์ - -^tกฎหมายสาธารณสุขที่เกี่ยวข้องกับการประกอบวิชาชีพการพยาบาลและการผดุงครรภ์ - -^tแนวคิดและทฤษฎีจริยศาสตร์ - -^tประเด็นสัมมนาทางกฎหมายและจริยศาสตร์ร่วมสมัย
650  7 ^aการพยาบาล^xกฎหมายและระเบียบข้อบังคับ
650  7 ^aจรรยาบรรณพยาบาล
650  7 ^aการแพทย์^xกฎหมายและระเบียบข้อบังคับ
700 0  ^aชัชวาล วงค์สารี,^eบรรณาธิการ
700 0  ^aอุทัยวรรณ พงษ์บริบูรณ์,^eบรรณาธิการ
945    ^p310^l0^i036593
945    ^p310^l0^i036594
945    ^p310^l0^i036595
945    ^p310^l0^i036596
945    ^p310^l0^i036597
945    ^p310^l0^i036598
945    ^p310^l0^i036599
945    ^p310^l0^i036600
945    ^p310^l0^i036601
945    ^p310^l0^i036602
945    ^p310^l0^i036603
945    ^p310^l0^i036604
945    ^p310^l0^i036605
999    ^aเกษร โพธิ์สุวรรณ
รายการนี้ยังไม่มีแท็ก
คุณยังไม่ได้ล็อกอิน คุณสามารถมีกิจกรรมร่วมกับเว็บไซต์ได้ แต่ต้องล็อกอินก่อน ::
  ล็อกอิน

รายการสื่อสารสนเทศ

ลำดับที่ ประเภท เลขเรียก/บาร์โค้ด สถานที่ สถานะ
1. Book การพยาบาล
Book การพยาบาล
สถานะ=หนังสือเก่า
WY32 ก117 ฉ.1 
  Barcode: 036593
ห้องสมุดวิทยาเขตสวรรค์ประชารักษ์
►ส่วนจัดเก็บหนังสือเก่า สปร
บนชั้น
  ขอยืม
2. Book การพยาบาล
Book การพยาบาล
สถานะ=หนังสือเก่า
WY32 ก117 ฉ.10 
  Barcode: 036602
ห้องสมุดวิทยาเขตสวรรค์ประชารักษ์
►ส่วนจัดเก็บหนังสือเก่า สปร
บนชั้น
  ขอยืม
3. Book การพยาบาล
Book การพยาบาล
สถานะ=หนังสือเก่า
WY32 ก117 ฉ.11 
  Barcode: 036603
ห้องสมุดวิทยาเขตสวรรค์ประชารักษ์
►ส่วนจัดเก็บหนังสือเก่า สปร
บนชั้น
  ขอยืม
4. Book การพยาบาล
Book การพยาบาล
สถานะ=หนังสือเก่า
WY32 ก117 ฉ.12 
  Barcode: 036604
ห้องสมุดวิทยาเขตสวรรค์ประชารักษ์
►ส่วนจัดเก็บหนังสือเก่า สปร
บนชั้น
  ขอยืม
5. Book การพยาบาล
Book การพยาบาล
สถานะ=หนังสือเก่า
WY32 ก117 ฉ.13 
  Barcode: 036605
ห้องสมุดวิทยาเขตสวรรค์ประชารักษ์
►ส่วนจัดเก็บหนังสือเก่า สปร
บนชั้น
  ขอยืม
6. Book การพยาบาล
Book การพยาบาล
สถานะ=หนังสือเก่า
WY32 ก117 ฉ.2 
  Barcode: 036594
ห้องสมุดวิทยาเขตสวรรค์ประชารักษ์
►ส่วนจัดเก็บหนังสือเก่า สปร
บนชั้น
  ขอยืม
7. Book การพยาบาล
Book การพยาบาล
WY32 ก117 ฉ.3 
  Barcode: 036595
ห้องสมุดวิทยาเขตสวรรค์ประชารักษ์
►ส่วนจัดเก็บหนังสือเก่า สปร
บนชั้น
  ขอยืม
8. Book การพยาบาล
Book การพยาบาล
สถานะ=หนังสือเก่า
WY32 ก117 ฉ.4 
  Barcode: 036596
ห้องสมุดวิทยาเขตสวรรค์ประชารักษ์
►ส่วนจัดเก็บหนังสือเก่า สปร
บนชั้น
  ขอยืม
9. Book การพยาบาล
Book การพยาบาล
สถานะ=หนังสือเก่า
WY32 ก117 ฉ.5 
  Barcode: 036597
ห้องสมุดวิทยาเขตสวรรค์ประชารักษ์
►ส่วนจัดเก็บหนังสือเก่า สปร
บนชั้น
  ขอยืม
10. Book การพยาบาล
Book การพยาบาล
สถานะ=หนังสือเก่า
WY32 ก117 ฉ.6 
  Barcode: 036598
ห้องสมุดวิทยาเขตสวรรค์ประชารักษ์
►ส่วนจัดเก็บหนังสือเก่า สปร
บนชั้น
  ขอยืม
11. Book การพยาบาล
Book การพยาบาล
WY32 ก117 ฉ.7 
  Barcode: 036599
ห้องสมุดวิทยาเขตสวรรค์ประชารักษ์
►หนังสือทั่วไป
บนชั้น
12. Book การพยาบาล
Book การพยาบาล
สถานะ=หนังสือเก่า
WY32 ก117 ฉ.8 
  Barcode: 036600
ห้องสมุดวิทยาเขตสวรรค์ประชารักษ์
►ส่วนจัดเก็บหนังสือเก่า สปร
บนชั้น
  ขอยืม
13. Book การพยาบาล
Book การพยาบาล
WY32 ก117 ฉ.9 
  Barcode: 036601
ห้องสมุดวิทยาเขตสวรรค์ประชารักษ์
►หนังสือทั่วไป
ถูกยืม กำหนดส่งวันที่ 24 ตุลาคม 2568
  จอง

รายการใกล้เคียง
    หัวเรื่อง [การพยาบาล กฎหมายและระเบียบข้อบังคับ]
    หัวเรื่อง [จรรยาบรรณพยาบาล]

BibComment


ยังไม่เคยถูกคอมเมนท์

คอมเมนท์ทรัพยากรรายการนี้
  คอมเมนท์: กฎหมายและจรรยาบร..


 Copyright 2026. Bcnsprnw @Library